El régimen de empleo público en la Provincia de Buenos Aires /
Guardado en:
| Autor Principal: | |
|---|---|
| Otros Autores: | , |
| Formato: | Libro |
| Idioma: | Spanish |
| Publicado: |
Buenos Aires :
Abeledo Perrot,
2009.
|
| Edición: | 2a. ed. |
| Materias: | |
| Etiquetas: |
Agregar Etiqueta
Sin Etiquetas, Sea el primero en etiquetar este registro!
|
| LEADER | 00640nam a22001815a 4500 | ||
|---|---|---|---|
| 001 | DER.der009394 | ||
| 008 | 180615s2009####ag#||||||||||||||#||spa|| | ||
| 005 | 20241105093100.0 | ||
| 245 | 1 | 0 | |a El régimen de empleo público en la Provincia de Buenos Aires / |c Pablo O. Cabral, Marcelo J. Schreginger ; prólogo de Osvaldo Héctor Bezzi. |
| 250 | |a 2a. ed. | ||
| 260 | |a Buenos Aires : |b Abeledo Perrot, |c 2009. | ||
| 300 | |a 915 p. | ||
| 020 | |a 9789507279508 | ||
| 100 | 1 | |a Cabral, Pablo O. | |
| 700 | 1 | |a Schreginger, Marcelo J. | |
| 700 | 1 | |a Bezzi, Osvaldo Héctor, |e prol. | |
| 650 | 7 | |a DERECHO ADMINISTRATIVO | |
| 859 | |a DERECHO |b BIB. DERECHO |h 342 |i CAB |p 006205 | ||
